[Event "81st ARM-ch 1st League 2021"]
[Site "Yerevan"]
[Date "2021.01.31"]
[Round "9.2"]
[White "Shahinyan, David"]
[Black "Barseghyan, Armen Ar."]
[Result "0-1"]
[WhiteElo "2452"]
[BlackElo "2362"]
[Annotator "TA"]
[PlyCount "216"]
[EventDate "2021.01.20"]
[EventType "tourn"]
[EventCountry "ARM"]
[SourceTitle "playchess.com"]
[Source "ChessBase"]
[SourceQuality "1"]

{[%evp 16,216,49,39,58,43,41,16,20,-16,-12,-18,35,21,24,17,16,13,11,3,8,0,0,0,0,0,-6,-4,62,0,-8,-14,-10,-9,0,-16,0,-11,-13,-25,-25,-28,-31,-31,-31,-31,-31,-52,-52,-52,-52,-77,-77,-77,-54,-77,-77,-77,-77,-77,-77,-77,-77,-77,-77,-77,-77,-90,-91,-91,-84,-91,-77,-91,-91,-91,-91,-91,-91,-91,-91,-91,-91,-91,-91,-91,-91,-91,-91,-91,-91,-91,-91,-91,-91,-91,-91,-91,-91,-91,-91,-91,-91,-91,-91,-91,-91,-91,-91,-91,-91,-91,-91,-91,0,-92,-91,-91,-57,-63,-63,-63,0,-91,-91,-91,-91,-91,-91,-91,-91,-91,-91,-91,-91,-92,-56,-56,-56,-56,0,-50,0,-56,-56,-95,-22,-24,-24,-57,-57,-152,-152,-152,-152,-152,-152,-152,-152,-152,-151,-493,-155,-155,-156,-156,-159,-160,-153,-153,-153,-156,-156,-156,-156,-156,-156,-157,-157,-157,-122,-158,-157,-164,-148,-148,-115,-115,-114,-115,0,-148,0,-115,-115,-157,-157,-157,-156,-29991,-29992,-29992,-29993]} 1. c4 c5 2. Nc3 Nf6 3. g3 g6 4. Bg2 Bg7 5. Nf3 O-O 6. d4 cxd4 7. Nxd4 d6 8. O-O Nbd7 {8...Nc6 is setting a new trend.} 9. b3 a6 {E65: King's Indian: Fianchetto: 6...c5 7 0-0 without d5 by White.} 10. e3 Rb8 {[#]} 11. Bd2 $146 ({Predecessor:} 11. Bb2 Ne5 12. h3 Bd7 13. Qd2 Nc6 14. Nce2 Na7 15. a4 b6 16. Bc3 Rc8 17. Rfd1 {0-1 (52) Kosarev,I-Mandrikov,S (2057) Peterhof 2008}) 11... Nc5 {The position is equal.} 12. h3 Bd7 13. Qe2 Ne6 (13... e5 $11 14. Nc2 b5) 14. Nxe6 Bxe6 15. Rac1 Qd7 16. Kh2 b5 17. cxb5 axb5 18. Rfd1 Rfc8 19. e4 Qa7 20. Be3 ({Much worse is} 20. Nxb5 Qxa2 21. Rxc8+ Rxc8 $17) 20... Qa5 21. Nd5 Kf8 (21... Nxd5 $11 22. exd5 Bd7) 22. Bd4 ({White should try} 22. Rxc8+ $14 Rxc8 23. Bb6) 22... Rxc1 $11 23. Rxc1 {[#]} Ng4+ $1 24. hxg4 Bxd4 25. g5 Rc8 26. Rxc8+ Bxc8 27. Qc2 Bb7 28. b4 Qa7 {White must now prevent ...Bxd5.} 29. f4 Bxd5 30. exd5 Bg1+ 31. Kh1 Qe3 32. Qb3 Qe1 33. a3 Bd4+ 34. Kh2 Qd2 35. Qf3 Be3 36. Kh3 Qc1 37. Bf1 Qxa3 38. Bxb5 Qxb4 39. Bf1 Bd4 40. Qd3 Qb2 41. Qe2 Qb7 42. Bg2 Qa7 43. Bf3 Kg7 44. Kg2 h6 45. gxh6+ Kxh6 46. Qe4 Kg7 47. Qe2 Bf6 48. Qd2 Qc5 49. Qe2 Qd4 50. Qe4 Qb2+ 51. Qe2 Qc3 52. Qe4 Qc1 53. Be2 Kf8 54. Qc4 Qa1 (54... Qb2 {is interesting.} 55. Qb5 Qa1 56. Qc4 Bd4 57. Bf3 Qg1+) 55. Qc8+ Kg7 56. Qa6 Qe1 57. Bf3 Qc1 58. Qf1 Qc3 59. Qe2 Kf8 60. Be4 Qa1 61. Qd2 Bd4 62. Qe2 Qg1+ 63. Kh3 Bf6 (63... Qc1 {looks sharper.} 64. Bf3 Bc5 65. Be4 Qc3 66. Bf3 Qd4) 64. Qd2 Bd4 65. Qe2 $1 Bf2 {[%csl Gf2][%cal Rg1g3]} 66. Bg2 Bc5 (66... Qa1 {with more complications.} 67. Be4 Bg1 68. Kg2 Bc5 69. Qd2 Qa4) 67. Qb2 {[%cal Rb2h8]} Bd4 68. Qd2 Bf6 (68... f5 {keeps more tension.} 69. Qe2 Qc1 70. Qe6 Bf6 71. Qe2 Qc3) 69. Be4 $1 Qf1+ 70. Bg2 Qb1 (70... Qc4 {is more complex.} 71. Bf3 Kg7 72. Bg2 Qc8+ 73. Kh2 Bc3) 71. Kh2 Qf5 72. Qe2 Qc8 73. Qd2 Qg4 74. Qd3 Qh5+ 75. Kg1 g5 76. Bf3 Qh3 77. Bg2 Qh5 78. Bf3 $1 {[%cal Rf3h5]} Qh3 (78... g4 {seems wilder.} 79. Bg2 Bb2 80. Kf2 f5 81. Qe3 Qh2) 79. Bg2 Qc8 80. Kh2 g4 (80... gxf4 $17 81. gxf4 Qg4) 81. Bf1 Kg7 82. Qe4 Qh8+ 83. Kg1 ({White should play} 83. Kg2 $1 $15) 83... Kf8 $17 {Threatens to win with ...Bd4+.} 84. Be2 Bd4+ 85. Kf1 {[#]} Qh3+ $1 {[%mdl 64] Double Attack} 86. Qg2 {[#]} Qh5 $1 {[%cal Rh5g6]} 87. Qe4 Bc5 88. Bd1 $2 (88. Ke1 $17) 88... Qh3+ $2 (88... f5 $19 {and Black stays clearly on top.} 89. Qg2 Qh8) 89. Qg2 Qh7 {Strongly threatening ...Qd3+.} 90. Bxg4 Qb1+ 91. Ke2 Qc2+ 92. Kf1 Qc1+ 93. Ke2 Qe3+ 94. Kf1 Qd3+ 95. Qe2 Qxg3 {[%csl Gc5][%cal Rg3g1]} 96. Qf3 Qg1+ 97. Ke2 Bb4 {aiming for ...Qe1+.} 98. Kd3 Qc1 99. Qe3 Qc3+ 100. Ke4 Qc2+ 101. Qd3 Qg2+ 102. Qf3 Qg1 ({Better is} 102... Qb2 $17 {And now ...Bc5 would win.} 103. Qh3 Qb1+ 104. Kf3 Bc3) 103. Qd1 (103. Kd3 $1 $11 {was the only way to keep the balance.}) 103... Qg2+ 104. Qf3 $1 {[%cal Rf3g2]} Qb2 105. Qd3 Bc5 106. Be2 Qh8 {Hoping for ...Qh7+.} 107. Bf1 $2 (107. Qb3 $17) 107... Qh1+ 108. Qf3 f5+ $1 {Weighted Error Value: White=0.07/Black=0.06} 0-1

[Event "81st ARM-ch 1st League 2021"]
[Site "Yerevan"]
[Date "2021.01.31"]
[Round "9.3"]
[White "Harutyunian, Tigran K."]
[Black "Babujian, Levon"]
[Result "1-0"]
[WhiteElo "2549"]
[BlackElo "2440"]
[Annotator "TA"]
[PlyCount "95"]
[EventDate "2021.01.20"]
[EventType "tourn"]
[EventCountry "ARM"]
[SourceTitle "playchess.com"]
[Source "ChessBase"]
[SourceQuality "1"]

{[%evp 9,95,5,17,18,31,14,2,19,21,23,19,35,31,35,37,47,41,18,31,39,33,44,52,54,123,128,120,128,127,129,118,127,127,120,125,128,129,122,155,150,173,173,172,169,195,170,177,186,181,164,237,244,327,321,290,236,237,238,241,215,229,187,322,325,310,281,598,612,640,641,613,605,597,583,565,587,577,579,577,567,4994,4930,4132,703,29972,29973,29995,29996]} 1. d4 Nf6 2. Nf3 g6 3. Nbd2 d5 4. b4 Bg7 5. e3 a5 6. b5 {D02: 1 d4 d5 2 Nf3 sidelines, including 2...Nf6 3 g3 and 2...Nf6 3 Bf4.} O-O 7. Be2 c5 8. bxc6 {The position is equal.} bxc6 9. Ba3 Na6 10. O-O c5 11. c3 {[#]} ({Much weaker is} 11. Bxc5 Nxc5 12. dxc5 Ne4 $17) 11... Nd7 $146 ({Predecessor:} 11... Qc7 12. Rc1 c4 13. h3 Bf5 14. Ne5 Rfb8 15. Re1 Ne4 16. Nxe4 {½-½ (16) Roy Chowdhury,S (2434)-Barsov,A (2480) Montcada 2008}) 12. Rb1 Qc7 13. Qa4 Bb7 14. Rfc1 Rfc8 15. Bb5 Nb6 16. Qb3 {Hoping for Bf1.} ({But not} 16. Qxa5 $2 Nb8 $19) 16... c4 {[#] White leaves nothing to chance now.} (16... Rab8 $14) 17. Bxc4 $1 $16 {[%mdl 512]} Nxc4 18. Nxc4 Qxc4 19. Qxc4 Rxc4 20. Rxb7 e6 21. h4 h6 22. Nd2 Ra4 23. Rb3 Rc8 24. Rcb1 Rc6 25. R1b2 Bf6 26. g3 Kg7 27. Kf1 Bd8 28. Ke2 Bc7 29. Kd3 Nb8 (29... Rac4 $142 30. Be7 f5) 30. Be7 $18 Nd7 31. Rb7 Nb6 32. Bc5 {[%cal Rc5b6]} Nd7 {[#]} 33. Bd6 {[%mdl 576] Deflection} Rxd6 (33... Bxd6 34. Rxd7) 34. Rxc7 {Strongly threatening Rbb7.} Nb6 35. f4 g5 (35... Ra3 {was called for.} 36. g4 h5) 36. hxg5 hxg5 37. e4 dxe4+ $2 (37... gxf4 {is a better chance.} 38. gxf4 Ra3) 38. Nxe4 {[%mdl 64] Double Attack} Nd5 39. Nxd6 Nxc7 {[%mdl 4096] Endgame KRN-KRN} 40. Kc2 Nd5 41. Kb3 Nxc3 42. Kxc3 {KRN-KR} Ra3+ 43. Kc4 g4 44. Rb7 Rxg3 45. f5 Kg8 46. f6 (46. Nxf7 $142 exf5 47. d5) 46... Rg1 47. Nxf7 g3 48. Ng5 {[%cal Rb7b8] Weighted Error Value: White=0.06/Black=0.43} 1-0

[Event "81st ARM-ch 1st League 2021"]
[Site "Yerevan"]
[Date "2021.01.31"]
[Round "9.4"]
[White "Melkonyan, Arshak"]
[Black "Davtyan, Artur"]
[Result "0-1"]
[WhiteElo "2079"]
[BlackElo "2466"]
[Annotator "TA"]
[PlyCount "77"]
[EventDate "2021.01.20"]
[EventType "tourn"]
[EventCountry "ARM"]
[SourceTitle "playchess.com"]
[Source "ChessBase"]
[SourceQuality "1"]

{[%evp 18,77,8,-5,0,-8,26,19,29,0,28,0,0,0,4,0,19,0,0,0,-8,-8,-1,0,-20,-5,-25,-85,-105,-81,-89,-132,-209,-139,-133,-138,-133,-108,-126,-132,-129,-133,-136,-121,-114,-144,-109,-442,-435,-482,-483,-689,-663,-763,-759,-751,-745,-1743,-1612,-29986,-29987,-29999]} 1. d4 Nf6 2. Nf3 e6 3. e3 d5 4. Bd3 b6 5. b3 Bb7 6. Bb2 Be7 7. O-O O-O 8. Nbd2 c5 9. Ne5 Nc6 10. f4 Qc7 {D05: Colle System with ...e6.} 11. a3 Na5 12. Qe2 Rac8 {[#] The position is equal.} 13. Rfd1 $146 ({Predecessor:} 13. Rac1 Ne4 14. Nxe4 dxe4 15. Bc4 Nxc4 16. Qxc4 Bd5 17. Qe2 f6 18. Ng4 c4 19. a4 {0-1 (32) Le Tran Minh,N-Dang,T Ho Chi Minh City 2005}) 13... Rfd8 14. Rac1 Bd6 15. c4 Qe7 16. cxd5 exd5 17. dxc5 bxc5 18. Bc3 Nc6 {[%cal Rc6e5]} 19. Ndf3 h6 20. Nxc6 Bxc6 21. Ne5 Ba8 22. Bc2 (22. b4 $11) 22... d4 $1 $17 {[%cal Rd4c3]} 23. exd4 cxd4 24. Bxd4 {Threatening b4.} Bxa3 25. Ra1 {[#]} Rxd4 {[%mdl 512]} 26. Rxd4 Bc5 27. Rad1 Rd8 {[%mdl 64] Pin} 28. Qf2 Rxd4 29. Rxd4 {[#]} Bd5 $1 30. Kf1 Qc7 $36 {[%mdl 2048] Keeping White busy.} 31. Nf3 Bb6 {White must now prevent ...Bxf3.} 32. Qd2 $2 {[%mdl 8192] This costs White the game.} (32. Bd1 $17 {was the crucial defense.}) 32... Bxf3 $19 33. Rc4 Bc6 34. Bd3 (34. Ke1 $142) 34... Nd5 35. Ke2 Qe7+ 36. Kf3 Bb7 {Strongly threatening ...g5.} 37. Kg3 Ne3 {[%mdl 64] Double Attack} 38. Rc1 Nxg2 {[%csl Gg2][%cal Re7h4]} 39. Qe2 {Weighted Error Value: White=0.80/Black=0.05} 0-1

[Event "81st ARM-ch 1st League 2021"]
[Site "Yerevan"]
[Date "2021.01.31"]
[Round "9.5"]
[White "Vardanian, Haik G."]
[Black "Mikaelyan, Arman"]
[Result "0-1"]
[WhiteElo "2389"]
[BlackElo "2485"]
[Annotator "TA"]
[PlyCount "78"]
[EventDate "2021.01.20"]
[EventType "tourn"]
[EventCountry "ARM"]
[SourceTitle "playchess.com"]
[Source "ChessBase"]
[SourceQuality "1"]

{[%evp 9,78,4,13,22,14,7,5,18,38,20,30,25,80,66,50,60,83,56,40,36,35,43,29,33,51,43,54,32,33,27,59,43,39,0,0,0,0,0,0,0,0,0,0,0,0,0,0,0,0,0,0,-15,-15,-11,-8,-15,-23,-570,-494,-1076,-1070,-29973,-29974,-29974,-29975,-29975,-29976,-29976,-1112,-29977,-11564]} 1. d4 c5 2. dxc5 e6 3. Nf3 Bxc5 4. e4 Qb6 5. Qd2 Nf6 6. Bd3 {A43: Schmid Benoni.} d5 7. Nc3 {[#]} dxe4 $146 ({Predecessor:} 7... Bb4 8. e5 Nfd7 9. a3 Bxc3 10. Qxc3 Nc6 11. Bf4 Qc7 12. Bg3 O-O 13. O-O a6 {1-0 (46) Zakirov,A-Nishanov,M Cholpon Ata 2016}) 8. Nxe4 {The position is equal.} Nbd7 9. Nxc5 Nxc5 10. O-O {Hoping for Qg5.} Bd7 (10... O-O $11) 11. Be2 O-O 12. c4 a5 13. Ne5 Rfd8 14. Qc2 h6 15. Be3 {aiming for Nd3.} Qc7 16. f4 Bc6 17. Nxc6 ({Much worse is} 17. Bxc5 Be4 $15) 17... Qxc6 18. Bf3 Qc7 19. Rad1 Rac8 20. Bd4 Ncd7 21. Qe2 Re8 22. b3 e5 23. fxe5 Nxe5 24. Qf2 Nxf3+ 25. Qxf3 Re6 26. Rfe1 Rce8 27. Rxe6 Rxe6 28. Kh1 Qe7 29. Bg1 Ne4 30. Qf4 Nc3 31. Rd3 Ne2 32. Qb8+ Kh7 33. Rd8 $2 {[%mdl 8192] This costs White the game.} (33. Qd8 $11 {and White is okay.}) 33... Qg5 {( -> ...Qc1!)} 34. Rd1 (34. Rh8+ $142 Kg6 35. Re8) 34... Rg6 $19 {[%csl Gg6][%cal Rg5g2]} 35. Qxb7 {[#]} Ng3+ $1 {[%mdl 512]} 36. hxg3 Qh5+ {[%mdl 64] Double Attack} 37. Bh2 Qxd1+ 38. Bg1 Qh5+ 39. Bh2 Re6 {[%cal Re6e1] Weighted Error Value: White=0.52/Black=0.07} 0-1

[Event "81st ARM-ch 1st League 2021"]
[Site "Yerevan"]
[Date "2021.01.31"]
[Round "9.6"]
[White "Ohanyan, Emin"]
[Black "Danielyan, Vahe"]
[Result "1-0"]
[WhiteElo "2255"]
[BlackElo "2357"]
[Annotator "TA"]
[PlyCount "93"]
[EventDate "2021.01.20"]
[EventType "tourn"]
[EventCountry "ARM"]
[SourceTitle "playchess.com"]
[Source "ChessBase"]
[SourceQuality "1"]

{[%evp 25,93,72,78,70,70,64,64,70,75,74,73,76,76,70,100,89,89,89,157,116,310,300,436,431,418,388,401,342,293,210,290,158,477,464,436,509,625,479,502,449,466,470,443,437,439,443,660,646,659,656,637,570,660,645,597,561,511,316,294,289,1036,902,29970,29973,29970,29974,29982,29977,29979,29980]} 1. e4 g6 2. d4 Bg7 3. Nc3 c6 4. f4 d5 5. e5 h5 6. Nf3 Bg4 7. h3 Bxf3 8. Qxf3 e6 9. Bd3 h4 10. Be3 Ne7 11. O-O Nd7 12. Bf2 Nf5 13. Ne2 Bf8 14. c3 {B15: Caro-Kann: 3 Nc3: 3...g6 and 3...dxe4 4 Nxe4 Nf6 5 Nxf6+ exf6.} a5 15. b3 Ba3 16. Rab1 {White is slightly better.} Be7 17. c4 Kf8 18. Kh2 {[#]} Nb6 $146 ({Predecessor:} 18... Bb4 19. Ra1 Ba3 20. Rad1 Bb4 21. Bc2 Qc7 22. Ng1 a4 23. Qe2 axb3 24. axb3 Kg7 25. Nf3 Be7 {1-0 (42) Hedman,E (2372)-Norberg,J (2313) Vesteras 2011}) 19. Rfc1 Ra7 20. Nc3 Kg7 21. Rc2 a4 (21... Ra8 $142) 22. Nxa4 dxc4 $2 {[#]} (22... Nxa4 $16 {might work better.} 23. bxa4 Rh5) 23. Bxf5 $18 gxf5 (23... Rxa4 $142 24. bxa4 gxf5) 24. Nxb6 Qxb6 25. d5 Bc5 {and if ...Bxf2 works, Black does fine.} 26. Bxc5 Qxc5 27. d6 ({Worse is} 27. Rxc4 Qxd5 28. Qf2 Raa8 $11) ({Less strong is} 27. bxc4 cxd5 28. g4 Rg8 $14) 27... b5 28. bxc4 (28. g4 $18) 28... b4 $2 {This costs Black the game.} (28... bxc4 $16 {is more resistant.} 29. Rd1 Ra3) 29. g4 Kf8 30. gxf5 exf5 31. Qf2 Qxf2+ 32. Rxf2 {[%mdl 4096] Endgame KRR-KRR} c5 {[#]} 33. Rg1 {[%cal Rg1g5]} Ke8 34. Rg5 Kd7 35. Rxf5 Kc6 (35... Rh7 $142 36. Re2 Kc6) 36. Rf6 Rd7 37. f5 Ra8 38. Re2 Kb6 39. Rh6 Kc6 40. Kh1 Rda7 41. e6 fxe6 42. fxe6 Ra3 $2 (42... b3 43. axb3 Ra1+ 44. Kg2 R8a2) 43. d7 Rxh3+ 44. Kg2 {White mates.} Rg3+ 45. Kh2 Kc7 46. Rh5 Rgg8 47. Rd5 {Weighted Error Value: White=0.17/Black=0.49} 1-0

[Event "81st ARM-ch 1st League 2021"]
[Site "Yerevan"]
[Date "2021.01.31"]
[Round "9.7"]
[White "Gharibyan, Mamikon"]
[Black "Hayrapetyan, Hovik"]
[Result "1-0"]
[WhiteElo "2432"]
[BlackElo "2488"]
[Annotator "TA"]
[PlyCount "89"]
[EventDate "2021.01.20"]
[EventType "tourn"]
[EventCountry "ARM"]
[SourceTitle "playchess.com"]
[Source "ChessBase"]
[SourceQuality "1"]

{[%evp 9,89,27,27,13,31,31,32,28,25,25,32,27,34,32,32,26,32,33,31,33,35,33,46,40,50,31,56,35,57,56,63,24,41,24,94,67,82,14,8,0,39,0,0,0,11,-10,44,7,46,0,21,25,114,12,98,110,85,0,145,141,152,147,220,204,398,401,390,381,359,331,337,345,312,320,315,241,546,537,720,733,774,656]} 1. d4 Nf6 2. Nf3 e6 3. c4 d5 4. Nc3 a6 5. cxd5 exd5 6. Bg5 {D37: Queen's Gambit Declined: 5 Bf4.} Be6 7. e3 c6 8. Bd3 {White is slightly better.} Nbd7 9. h3 Bd6 10. Bf4 (10. Qd2 {is more complex.} O-O 11. O-O h6 12. Bf4 Qc7 13. Rfc1) 10... Qc7 11. Bxd6 Qxd6 12. a3 a5 13. Qc2 h6 14. Rc1 O-O 15. O-O {[#]} Kh8 $146 ({Predecessor:} 15... Rfe8 16. Rce1 b6 17. Nh2 c5 18. f4 Nf8 19. Qf2 cxd4 20. exd4 Bd7 21. f5 Bc6 {0-1 (38) Arsovic,G (2380)-Jurcik,M (2474) Skopje 2019}) 16. Nh2 Ng8 17. Na4 Ne7 18. Nf3 f6 19. Rfe1 b6 20. e4 dxe4 21. Bxe4 Rac8 (21... Rfe8 $11) 22. Bd3 {Qe2 is the strong threat.} Rfe8 {[#]} 23. Nc3 (23. Nxb6 $1 $16 Nxb6 24. Qc5 Qxc5 25. dxc5) 23... Nf8 $11 24. Qd2 Nd5 25. Ne4 Qd7 26. Ng3 Rcd8 27. Nh4 g5 (27... Ne7 $11 28. Ne2 Bf7) 28. Nhf5 Nf4 29. Bb1 (29. Nxh6 $2 Qxd4 30. Re3 Qd5 $17) 29... Bxf5 (29... N8g6 {keeps more tension.} 30. Be4 Bxf5 31. Bxf5 Qd5 32. Rxe8+ Rxe8 33. f3 c5) 30. Nxf5 {Strongly threatening g3.} N8e6 (30... c5 $1 $11) 31. Rcd1 (31. Nxh6 $2 Nxd4 32. Kh1 Nxg2 $19) ({White should play} 31. Qc2 $16) 31... Nxd4 32. Nxd4 $16 Rxe1+ 33. Rxe1 (33. Qxe1 $16 {And now Rd2 would win.} c5 34. g3 (34. Bf5 Qd5 $11 {[%mdl 64] Pin}) 34... Nxh3+ 35. Kf1 cxd4 36. Qe4) 33... Qxd4 {[#]} (33... c5 $1 $11 {keeps the balance.}) 34. Qc2 $1 {[%csl Gb1][%cal Rc2h7]} ({Avoid the trap} 34. Re8+ $2 Rxe8 35. Qxd4 Ne2+ 36. Kf1 Nxd4 $19) 34... Qd7 {[#]} 35. g3 $1 {[%cal Rg3f4]} Nd5 (35... Nxh3+ $16 36. Kh2 Nxf2 37. Qxf2 {[%mdl 64] Double Attack} Qd4) 36. Qg6 $18 Rf8 $2 (36... b5 {is a better defense.} 37. Re6 (37. Qxh6+ Kg8 $18) 37... Qg7 38. Re8+ (38. Rxc6 Ne7 $11) 38... Rxe8 39. Qxe8+ {[%mdl 64] Double Attack} Qg8 40. Qxc6 Qd8) 37. Qxh6+ {[%mdl 64] Double Attack} Kg8 38. h4 Qg7 39. hxg5 Qxh6 40. gxh6 {KRB-KRN} Kf7 41. Kg2 b5 42. Kf3 c5 $2 (42... Rh8 43. Rh1 Ne7) 43. a4 {White is clearly winning.} Nc7 44. Rd1 Ke6 45. Ba2+ {Weighted Error Value: White=0.20/Black=0.36} 1-0

[Event "81st ARM-ch 1st League 2021"]
[Site "Yerevan"]
[Date "2021.02.01"]
[Round "10.1"]
[White "Sargsyan, Anna M."]
[Black "Hayrapetyan, Hovik"]
[Result "1-0"]
[WhiteElo "2402"]
[BlackElo "2488"]
[Annotator "TA"]
[PlyCount "43"]
[EventDate "2021.01.20"]
[EventType "tourn"]
[EventCountry "ARM"]
[SourceTitle "playchess.com"]
[Source "ChessBase"]
[SourceQuality "1"]

{[%evp 9,43,20,22,20,20,8,16,0,13,-6,17,0,3,0,3,-6,-3,-21,0,-4,5,-1,0,0,60,39,48,47,72,73,498,403,1381,1357,29993,29994]} 1. e4 c5 2. Nf3 d6 3. Bb5+ Nd7 4. O-O a6 5. Bd3 Ngf6 6. c3 {B51: Sicilian: Moscow Variation (3 Bb5+) without 3...Bd7.} b5 7. Bc2 Bb7 8. d3 {The position is equal.} Qc7 9. Re1 e6 10. Nbd2 {[%cal Bb1d2,Bd2f1,Bf1g3][%mdl 32]} Be7 11. Nf1 O-O 12. Ng3 Ne5 {[#]} 13. Ng5 $146 ({Predecessor:} 13. Bd2 Rfe8 14. Rc1 {½-½ (14) Diamant,A (2489)-Amanov,M (2524) Saint Louis 2011}) 13... Nc6 14. f4 b4 15. Qe2 a5 16. e5 Nd7 {[#]} ({Black should play} 16... dxe5 $11 17. f5 exf5 18. Nxf5 a4) 17. Nxh7 $1 Kxh7 18. d4+ $1 Kg8 {...dxe5 is the strong threat.} 19. Nh5 $1 {[%cal Rh5g7]} g6 {[%mdl 8192] [#]} ({Wrong is} 19... cxd4 $2 20. Qg4 $18) (19... f5 $16 {is tougher.} 20. exf6 Bxf6) 20. Qg4 $1 $18 Kh7 {[#]} (20... Kh8 $142) 21. f5 $1 {[%cal Rf5g6]} exf5 {[#]} (21... Ncxe5 22. fxg6+) 22. Qf4 $1 {Weighted Error Value: White=0.05/Black=0.82} 1-0

[Event "81st ARM-ch 1st League 2021"]
[Site "Yerevan"]
[Date "2021.02.01"]
[Round "10.2"]
[White "Danielyan, Vahe"]
[Black "Gharibyan, Mamikon"]
[Result "1-0"]
[WhiteElo "2357"]
[BlackElo "2432"]
[Annotator "TA"]
[PlyCount "77"]
[EventDate "2021.01.20"]
[EventType "tourn"]
[EventCountry "ARM"]

{[%evp 27,77,30,58,37,71,83,185,149,425,431,428,425,426,418,414,333,380,66,323,9,9,3,10,0,46,45,135,0,213,220,343,354,346,342,402,402,572,445,589,498,782,745,1033,1010,2425,2410,2278,2278,2011,2053,29986,29986]} 1. e4 e5 2. Nf3 Nc6 3. Bb5 a6 4. Ba4 Nf6 5. O-O Be7 6. Re1 b5 7. Bb3 d6 8. c3 O-O 9. d4 Re8 10. Ng5 Rf8 11. Nf3 Bb7 12. Nbd2 Re8 13. Nf1 Bf8 14. Ng3 h6 15. a4 {C91: Closed Ruy Lopez: 7...d6 8 c3 0-0 9 d4.} g6 {[#]} 16. h4 $146 ({Predecessor:} 16. h3 Bg7 17. d5 Ne7 18. Be3 Rf8 19. Nh2 Kh7 20. f4 exf4 21. Bxf4 Nd7 22. axb5 axb5 23. Qd2 Ne5 24. Qe2 {½-½ (32) Januario,S (2135)-Pomar,M (2019) Sao Paulo 2019}) 16... Kg7 (16... Na5 $16 {is a better defense.}) 17. h5 $18 {Black must now prevent Bxh6+!White is clearly better.} (17. Qd2 $6 Kg8 $14) 17... Na5 $2 {[%mdl 8192] [#]} (17... Qd7 $16 {might work better.} 18. axb5 (18. Qd2 Kh8 $16) 18... axb5) 18. Bxh6+ $1 {[%mdl 576] Deflection} Kxh6 19. Bxf7 {[%mdl 64] Double Attack} Nxh5 20. Nxh5 gxh5 21. Bxh5 Re6 ({Don't go for} 21... Kxh5 $2 22. Nxe5+ Kh6 23. Nf7+ Kg7 24. Nxd8 $18) 22. g3 $2 Kg7 $2 {[%mdl 8192] [#]} ({Don't blunder} 22... Kxh5 $2 23. Nxe5+ Kh6 24. Nf7+ Kg7 25. Nxd8 $18) (22... Kh7 $14) 23. Kg2 $2 (23. Nxe5 $1 $18 {[%mdl 512] Intending Qg4+ and mate.} Rxe5 24. dxe5) 23... Rh6 $1 $11 {[%cal Rh6h5]} 24. Bg4 Be7 25. Bf5 Bf6 26. Nd2 Qg8 (26... Kf8 $14) 27. Qe2 ({Only move:} 27. axb5 $16 {And now dxe5 would win.} axb5 28. d5) 27... Qf7 $2 (27... Nc6 $11) 28. axb5 $18 {[%cal Ba4b5,Bb5a6][%mdl 32]} Rah8 (28... axb5 $142 29. Rh1 Rxh1 30. Rxh1 Kf8) 29. Qg4+ ({Inferior is} 29. Rxa5 Rh2+ 30. Kg1 Rh1+ 31. Kg2 R8h2+ 32. Kf3 Bg5 $11) 29... Kf8 {Hoping for ...Nb3.} 30. Rxa5 {[%cal Ba1a5,Ba5b5,Bb5b8][%mdl 32]} Rh2+ 31. Kf3 exd4 (31... axb5 $142 32. Bg6 Qe7) 32. bxa6 Ba8 33. Bg6 Qe7 (33... Qg8 $142 34. Rc1 c5) 34. Rb5 dxc3 35. bxc3 R8h6 36. Rb8+ Kg7 37. Bf5+ Bg5 38. Rxa8 Qf6 39. e5 {Weighted Error Value: White=0.69/Black=1.20} 1-0

[Event "81st ARM-ch 1st League 2021"]
[Site "Yerevan"]
[Date "2021.02.01"]
[Round "10.3"]
[White "Mikaelyan, Arman"]
[Black "Ohanyan, Emin"]
[Result "1/2-1/2"]
[WhiteElo "2485"]
[BlackElo "2255"]
[Annotator "TA"]
[PlyCount "55"]
[EventDate "2021.01.20"]
[EventType "tourn"]
[EventCountry "ARM"]

{[%evp 16,55,30,-7,-10,-7,0,0,-13,-24,-3,-14,0,0,12,22,13,0,-2,-10,-4,-13,-10,-62,-61,-59,-42,-57,-51,-58,-57,-62,-63,-56,-50,-70,-75,-72,-61,-70,-53,-94]} 1. Nf3 Nf6 2. c4 g6 3. b3 Bg7 4. Bb2 O-O 5. g3 c6 6. Bg2 d5 7. O-O Nbd7 8. Qc2 {8.d4 is a critical line.} Re8 9. Nc3 e5 {A11: English Opening: 1...c6.} 10. cxd5 Nxd5 11. Nxd5 cxd5 {The position is equal.} 12. d3 Nf8 13. Rac1 {[#]} Bg4 $146 ({Predecessor:} 13... Bd7 14. Qd2 Bc6 15. d4 Nd7 16. dxe5 Nxe5 17. Nxe5 Bxe5 18. Bxe5 Rxe5 19. Rfd1 Qe7 {0-1 (74) Mysliwiec,J-Schulz,V (2220) Germany 2002}) 14. Qc7 Re7 15. Qxd8 Rxd8 16. Ba3 Ree8 17. h3 Bd7 18. Nd2 Bc6 19. b4 (19. Rfd1 $11) 19... e4 $15 20. dxe4 dxe4 21. Nb3 Ne6 22. Rfd1 f5 23. e3 Rxd1+ 24. Rxd1 Rd8 25. Rb1 Bb5 26. Bf1 Bxf1 27. Kxf1 Rc8 28. Nc5 {Weighted Error Value: White=0.12/Black=0.04} 1/2-1/2